Fumée (Registro nro. 322912)

Detalles MARC
000 -ENCABEZADO
Número de control [NR] 01656nam a2200313Ia 4500
005 - FECHA Y HORA DE LA ÚLTIMA TRANSACCIÓN
control field 20230803140006.0
008 - DE LONGITUD FIJA DE DATOS DE ELEMENTOS - INFORMACIÓN GENERAL
Elementos de longitud fija [NR] 130821n fr fr f fre
040 ## - FUENTE DE CATALOGACION [NR]
Agencia de catalogación original [NR] Co-BoUCM
Idioma de catalogación [NR] spa
Quien Cataloga Sandra Yazo (modificó)
Quien Clasifica Sandra Yazo (modificó)
041 1# - CODIGO DE IDIOMA [R]
Código de idioma para texto/pista de sonido o título separado [R] Francés
082 04 - NUMERO DE CLASIFICACION DECIMAL DEWEY [R]
Número de clasificación [R] 891.7
Número de la edición [NR] 20
092 04 - SIGNATURA TOPOGRAFICA LOCAL
Número de clasificación local E52N003
100 1# - ASIENTO PRINCIPAL--NOMBRE PERSONAL [NR]
Nombre personal [NR] Turgenev, Ivan Sergeevich
ID Autoridad 114917
Fechas asociadas con el nombre [NR] 1818-1883‏
242 00 - TRADUCCION DEL TITULO POR LA AGENCIA CATALOGADORA [R]
Título [NR] Humo
245 10 - MENCION DE TITULO [NR]
Título [NR] Fumée
Mención de responsabilidad, etc. [NR] Iván Turgueniev
260 ## - PUBLICACION, DISTRIBUCION, ETC. (PIE DE IMPRENTA) [R]
Lugar de publicación, distribución, etc. [R] París (Francia)
Nombre del editor, distribuidor, etc. [R] Nelson Éditeurs. Imprimerie Nelson [Ediciones e Imprenta Nelson]
Fecha de publicación, distribución, etc. [R] [fecha desconocida]
300 ## - DESCRIPCION FISICA [R]
Extensión [R] 16 X 11 cm
Dimensiones [R] 16, 268 páginas
490 0# - MENCION DE SERIE [R]
Mención de serie [R] Colección Nelso
500 ## - NOTA GENERAL [R]
Nota general [NR] Detalles físicos: Encuadernación rígida en cartón forrado en tela texturizada. Lomo y tapa delantera impresos y decorados (dos colores), con datos publicación y motivos decorativos. Guardas. Anteportada. Hoja de papel satinado con ilustración (en colores), a modo de frontispicio. Portada impresa en una sola tinta. Datos de la obra, enmarcados en un doble recuadro. Monograma de la inicial de la colección. Cenefa decorativa en la Introducción. Texto impreso en una sola columna, con diferentes tamaños de letra. Hoja con págs. 45-46, rota en borde vertical.
505 ## - NOTA DE CONTENIDO CON FORMATO PREESTABLECIDO [R]
Nota de contenido con formato preestablecido [NR] Novela Humo: Capítulos I al XXVII
506 ## - NOTA DE RESTRICCIONES DE ACCESO [R]
Condiciones de acceso [NR] Consulta en sala
546 ## - NOTA DE IDIOMA [R]
Nota de idioma [NR] Texto en francés
650 04 - ASIENTO SECUNDARIO DE MATERIA - TERMINO TEMATICO [R]
Término temático o nombre geográfico como elemento de entrada [NR] Literatura europea
9 (RLIN) 26524
650 04 - ASIENTO SECUNDARIO DE MATERIA - TERMINO TEMATICO [R]
Término temático o nombre geográfico como elemento de entrada [NR] Literatura francesa
9 (RLIN) 7794
650 07 - ASIENTO SECUNDARIO DE MATERIA - TERMINO TEMATICO [R]
Término temático o nombre geográfico como elemento de entrada [NR] Novela rusa
9 (RLIN) 20572
Subdivisión cronológica [R] Siglo XIX
650 07 - ASIENTO SECUNDARIO DE MATERIA - TERMINO TEMATICO [R]
Término temático o nombre geográfico como elemento de entrada [NR] Amor en la literatura
9 (RLIN) 8921
Subdivisión cronológica [R] Siglo XIX
650 07 - ASIENTO SECUNDARIO DE MATERIA - TERMINO TEMATICO [R]
Término temático o nombre geográfico como elemento de entrada [NR] Matrimonio en la literatura
9 (RLIN) 19088
690 ## - ASUNTO AGREGADO LOCAL DE ENTRADA - TÉRMINO TEMÁTICO (OCLC, RLIN)
Acceso temático local Literatura europea
9 (RLIN) 26524
942 ## - ELEMENTOS DE ENTRADA AGREGADOS (KOHA)
Tipo de ítem principal el descrito en 300a Libro
Edición 1
Sistema de clasificación LOCAL
Clasificación E52N003
Título oculto en OPAC No
Existencias
Suprimido Perdido Dañado No prestable Tipo de ítem específico Ubicación habitual Ubicación actual Localización Fecha de creación Forma de adquisición Costo Total préstamos Signatura topográfica Código de barras Última vez visto Ejemplar Price effective from Tipo de ítem
        Libro archivo Archivo Histórico Archivo Histórico Archivo histórico 03/08/2023 Donación 0.00   E52N003 L006830 03/08/2023 Ej.1 03/08/2023 Libro